| 000 | 01247nam a2200253Ia 4500 | ||
|---|---|---|---|
| 999 |
_c55944 _d55944 |
||
| 001 | 23043 | ||
| 003 | GE_BSU | ||
| 005 | 20230616124224.0 | ||
| 008 | 181216s1996||||ge |||||||||||||| ||geo|| | ||
| 040 | _cGE_BSU | ||
| 041 | _ageo | ||
| 080 | _a821.353.1(092ამირეჯიბი, ჭ.) მ-44 | ||
| 100 |
_aმახაჭაძე, შორენა _93197 |
||
| 245 |
_aმითი და რეალობა "დათა თუთაშხიაში / _cშორენა მახაჭაძე ; რედ. გურამ გვერდწითელი ; მხატვ. ჯ. ზენაიშვილი. |
||
| 264 |
_aთბილისი : _b[?], _c1996 |
||
| 300 |
_a160გვ. ; _c16სმ.. |
||
| 500 | _aკომენტარები : გვ. 146-158 | ||
| 541 | _h3 ლ. | ||
| 653 | _aმითი და რეალობა "დათა თუთაშხიაში | ||
| 653 | _aქართული ლიტერატურის ისტორია და კრიტიკა | ||
| 700 |
_aგვერდწითელი, გურამ _eრედაქტორი _93781 |
||
| 700 |
_aზენაიშვილი, ჯ. _eმხატვარი _918772 |
||
| 942 |
_cBK _2udc |
||